Pôsobenie a činnosti Svetovej organizácie cestovného ruchu OSN

Svetová organizácia cestovného ruchu OSN (WTO) je jednou z medzinárodných organizácií. WTO vznikla v roku 1974, ale až v roku 2003 sa stala špecializovanou organizáciou OSN. Analýza systému, fungovania Svetovej organizácie cestovného ruchu a pôsobenie Slovenskej republiky v danej organizácii. K no...

Ausführliche Beschreibung

Gespeichert in:
Bibliographische Detailangaben
1. Verfasser: Wefersová, Jarmila
Weitere Verfasser: Rauscher, Michaela
Format: Buchkapitel
Sprache:Slowakisch
Schlagworte:
Tags: Tag hinzufügen
Keine Tags, Fügen Sie das erste Tag hinzu!

MARC

LEADER 00000nla a2200000 4500
001 0219501
005 20240417075107.2
041 0 |a slo 
044 |a SK 
245 1 0 |a Pôsobenie a činnosti Svetovej organizácie cestovného ruchu OSN  |c Jarmila Wefersová, Michaela Rauscher 
520 |a Svetová organizácia cestovného ruchu OSN (WTO) je jednou z medzinárodných organizácií. WTO vznikla v roku 1974, ale až v roku 2003 sa stala špecializovanou organizáciou OSN. Analýza systému, fungovania Svetovej organizácie cestovného ruchu a pôsobenie Slovenskej republiky v danej organizácii. K novým výzvam Svetovej organizácie cestovného ruchu patrí zmierňovanie chudoby vo svete prostredníctvom cestovného ruchu a uplatňovanie zásad Globálneho etického kódexu cestovného ruchu. 
610 2 0 |a ruch cestovný medzinárodný 
610 2 0 |a organizácie medzinárodné 
610 2 0 |a kódexy etické 
610 2 0 |a politika ruchu cestovného 
610 2 0 |a chudoba 
610 2 0 |a rozvoj hospodársky 
100 1 |a Wefersová, Jarmila 
700 1 |a Rauscher, Michaela